| 000 | 00649nam a2200205Ia 4500 | ||
|---|---|---|---|
| 999 |
_c51293 _d51293 |
||
| 003 | GCL | ||
| 005 | 20240530104849.0 | ||
| 008 | 140319s9999 xx 000 0 ara d | ||
| 040 |
_aGCL / _cGCL |
||
| 082 | 0 | 4 |
_a910.042\ _bج م |
| 100 | 1 | _aبيار جورج | |
| 245 | 1 | 0 |
_aمناهج البحث فى الجغرافية / _cبيار جورج |
| 260 |
_a[S.N] : _bالمؤسسة الجامعية للدراسات والنشر والتوزيع ، _c1986 |
||
| 300 | _a112 ص | ||
| 650 | 0 | 4 | _aطرق البحث |
| 650 | 0 | 4 | _aمناهج البحث |
| 650 | 0 | 4 | _aالجغرافيا |
| 700 | 1 | _aميثال فاضل (مترجم) | |
| 942 |
_2ddc _cBK |
||